Indagación acerca de la naturaleza y las causas de la riqueza de las naciones / (Registro nro. 5765)
[ vista simple ]
| 000 -LEADER | |
|---|---|
| fixed length control field | 01234nam a2200265Ia 4500 |
| 003 - CONTROL NUMBER IDENTIFIER | |
| control field | OSt |
| 005 - DATE AND TIME OF LATEST TRANSACTION | |
| control field | 20200623132845.0 |
| 008 - FIXED-LENGTH DATA ELEMENTS--GENERAL INFORMATION | |
| fixed length control field | 191128s1958 sp gr 000 0 spa d |
| 040 ## - CATALOGING SOURCE | |
| Original cataloging agency | CO-JMCR |
| Transcribing agency | CO-JMCR |
| 041 1# - LANGUAGE CODE | |
| Language code of text/sound track or separate title | spa |
| Language code of original | eng |
| 082 04 - DEWEY DECIMAL CLASSIFICATION NUMBER | |
| Classification number | 330.153 / |
| Item number | S642i1 |
| Edition number | 23 |
| 100 ## - MAIN ENTRY--PERSONAL NAME | |
| Personal name | Smith, Adam, |
| Relator term | autor |
| 9 (RLIN) | 1565 |
| 245 10 - TITLE STATEMENT | |
| Title | Indagación acerca de la naturaleza y las causas de la riqueza de las naciones / |
| Statement of responsibility, etc. | Adam Smith ; traducción del inglés por Amando Lazaro Ros ; revisión y prólogo German Bernaces Tormo |
| 260 ## - PUBLICATION, DISTRIBUTION, ETC. | |
| Place of publication, distribution, etc. | [Barcelona] : |
| Name of publisher, distributor, etc. | [Bosch casa editorial], |
| Date of publication, distribution, etc. | [1958?]. |
| 300 ## - PHYSICAL DESCRIPTION | |
| Extent | xx, 868 páginas ; |
| Dimensions | 20 cm. |
| 500 ## - GENERAL NOTE | |
| General note | Incluye índice alfabético de autores y materias páginas 835-868. |
| 505 0# - FORMATTED CONTENTS NOTE | |
| Formatted contents note | Causas del mejoramiento en la capacidad productora del trabajo -- Naturaleza, acumulación y empleo del capital -- Del diferente progreso de la riqueza en las diversas naciones -- Los sistemas de economía política |
| 546 ## - LANGUAGE NOTE | |
| Language note | Traducido del inglés |
| 650 1# - SUBJECT ADDED ENTRY--TOPICAL TERM | |
| Topical term or geographic name entry element | Riqueza |
| General subdivision | Liberalismo |
| 9 (RLIN) | 5984 |
| 650 2# - SUBJECT ADDED ENTRY--TOPICAL TERM | |
| Topical term or geographic name entry element | Teoría económica |
| 9 (RLIN) | 5985 |
| 650 2# - SUBJECT ADDED ENTRY--TOPICAL TERM | |
| Topical term or geographic name entry element | Planificación de la producción |
| 9 (RLIN) | 5966 |
| 700 1# - ADDED ENTRY--PERSONAL NAME | |
| Personal name | Lazaro Ros, Amando, |
| Relator term | traductor |
| 9 (RLIN) | 5986 |
| 700 1# - ADDED ENTRY--PERSONAL NAME | |
| Personal name | Bernacer Tormo, German, |
| Relator term | revisor |
| 9 (RLIN) | 5987 |
| 942 ## - ADDED ENTRY ELEMENTS (KOHA) | |
| Source of classification or shelving scheme | Dewey Decimal Classification |
| Koha item type | Books |
| Withdrawn status | Lost status | Source of classification or shelving scheme | Materials specified (bound volume or other part) | Damaged status | Not for loan | Home library | Current library | Shelving location | Date acquired | Source of acquisition | Cost, normal purchase price | Total Checkouts | Full call number | Barcode | Date last seen | Date last checked out | Copy number | Price effective from | Koha item type |
|---|---|---|---|---|---|---|---|---|---|---|---|---|---|---|---|---|---|---|---|
| Dewey Decimal Classification | Donación--15/04/2018-- | Biblioteca Pública José María del Castillo y Rada | Biblioteca Pública José María del Castillo y Rada | General Stacks | 11/28/2019 | Donación | 0.00 | 1 | 330.153 / S642i1 | 430004186 | 05/16/2024 | 07/15/2022 | Ej.1 | 11/28/2019 | Books |